A guide to drug dealing

Gespeichert in:  
Bibliographische Detailangaben
1. VerfasserIn: Jacques, Scott Thomas (Verfasst von)
Medienart: Druck Buch
Sprache:Englisch
Veröffentlicht: 2010
In:Jahr: 2010
Verfügbarkeit prüfen: HBZ Gateway
Subito Bestelldienst: Jetzt bestellen.
Schlagwörter:

MARC

LEADER 00000cam a2200000 c 4500
001 141628771X
003 DE-627
005 20230426132712.0
007 tu
008 110622s2010 xx ||||| m 00| ||eng c
024 8 |a 3412870  |q Order no. 
035 |a (DE-627)141628771X 
035 |a (DE-576)346287715 
035 |a (DE-599)BSZ346287715 
040 |a DE-627  |b ger  |c DE-627  |e rakwb 
041 |a eng 
100 1 |a Jacques, Scott Thomas  |4 aut 
245 1 2 |a A guide to drug dealing  |c Scott Thomas Jacques 
264 1 |c 2010 
300 |a 331 S.  |b graph. Darst. 
336 |a Text  |b txt  |2 rdacontent 
337 |a ohne Hilfsmittel zu benutzen  |b n  |2 rdamedia 
338 |a Band  |b nc  |2 rdacarrier 
502 |a St. Louis, Univ. of Missouri, Diss., 2010 
655 7 |a Hochschulschrift  |0 (DE-588)4113937-9  |0 (DE-627)105825778  |0 (DE-576)209480580  |2 gnd-content 
751 |a Saint Louis, Mo.  |0 (DE-588)4118223-6  |0 (DE-627)105793086  |0 (DE-576)209516658  |4 uvp 
935 |a mkri 
951 |a BO 
ELC |b 1 
LOK |0 000 xxxxxcx a22 zn 4500 
LOK |0 001 2680848187 
LOK |0 003 DE-627 
LOK |0 004 141628771X 
LOK |0 005 20110622082311 
LOK |0 008 110622||||||||||||||||ger||||||| 
LOK |0 040   |a DE-Frei85  |c DE-627  |d DE-Frei85 
LOK |0 852   |z Kopie, erschienen im Verlag Univ. Microfilms Internat., Ann Arbor, 2010 
LOK |0 852   |a DE-Frei85 
LOK |0 852 1  |m p  |9 00 
LOK |0 938   |k p 
LOK |0 939   |a 22-06-11  |b l01 
ORI |a SA-MARC-krimdoka001.raw